00890cam a2200265 i 450000100060000000300080000600500170001400800410003103500190007204000270009104100080011808200200012610000410014624500910018725000510027826000620032930000340039149000540042550000220047950400320050165000150053365000130054865000120056183000510057310009BD-RjUL20211208234858.0820901r19621972enka b 001 0 eng d a(BD-RjUL)10056 aNjPcNjPdBD-RjULbeng aeng00a531.7bZIE 19721 aZiman, J. M.q(John M.),d1925-2005.10aElectrons and phonons :bthe theory of transport phenomena in solids /cby J.M. Ziman. aReprinted from corrected sheets of the 1st ed. aOxford [Eng.] :bClarendon Press,c1962 [Reprinted 1972]. axiv, 554 p. :bill. ;c24 cm.1 aThe International series of monographs on physics aIncludes indexes. aBibliography: p. [525]-538. 0aElectrons. 0aPhonons. 0aSolids. 0aInternational series of monographs on physics.